| 000 | 02893nam a22003137a 4500 | ||
|---|---|---|---|
| 003 | OSt | ||
| 005 | 20210305174301.0 | ||
| 008 | 210305s2011 ck ao||gr|||| 00| 0 spa d | ||
| 020 | _a9789588618609 | ||
| 040 |
_aCO-JMCR _cCO-JMCR |
||
| 041 | 1 |
_aspa _heng |
|
| 082 | 0 | 4 |
_a363.45 / _bR389e _223 |
| 100 | 1 |
_aRempel, William C., _eautor _914457 |
|
| 245 | 1 | 0 |
_aEn la boca del lobo : _bla historia jamás contada del hombre que hizo caer al cartel de Cali / _cWilliam C. Rempel ; traducción de Adriana Delgado |
| 250 | _aPrimera edición | ||
| 260 |
_aBogotá : _bGrijalbo, _c2011 |
||
| 300 |
_a431 páginas : _bilustraciones y fotografías a blanco y negro ; _c24 cm. |
||
| 500 | _aIncluye datos biográficos del autor. | ||
| 500 | _aTítulo original : At the devil's table. The untold story of the insider who brought down the Cali Cartel | ||
| 504 | _aBibliografía: páginas 428-429 | ||
| 505 | 0 | _aLos años de guerra del cartel (1989-1993) -- El hombre del cartel (1993-1995) -- Los últimos días (mediados de 1995) -- Historias detrás de la historia | |
| 520 | 3 | _aEn 1998 Jorge Salcedo, un ingeniero y hombre de negocios, oficial de la reserva del Ejercito especializado en vigilancia electrónica e inteligencia, sirvió como intermediario en la contratación de unos mercenarios británicos cuya tarea sería destruir el cuartel general de las FARC. Aunque este operativo se canceló en el último momento al año siguiente los capos del cartel de Cali se pusieron en contacto con Salcedo para obtener el servicio de los mismos mercenarios, ahora con el objetivo de acabar con Pablo Escobar. Esta misión también terminó en fracaso, pero Salcedo se había ganado la confianza de los Rodríguez Orejuela y permaneció a su servicio. Cuando Pablo Escobar fue asesinado, Jorge Salcedo creyó que sus días con el cartel habían finalizado y quiso retirarse. Pero los patrones no aceptaron su renuncia, y en lugar de eso tuvo que hacerse cargo de su protección y de la seguridad entera del cartel. En ese instante, Salcedo hizo un pacto consigo mismo: nunca mataría a nadie. Por eso, cuando recibió la orden directa de eliminar a Guillermo Pallomari, se vio en la disyuntiva de asesinar o ser asesinado. No obstante, existía una tercera opción, la más rigurosa: provocar la caída del cartel. "Como los cronistas de antaño. Rampel consigue que la gente cuente historias asombrosas que no contraría a nadie más. Al final, te das cuenta de que el mayor misterio es que Jorge Salcedo haya logrado sobrevivir el tiempo suficiente para relatarle su vida a un reportero" | |
| 546 | _aTraducido del inglés. | ||
| 650 | 1 | 4 |
_aNarcotráfico _xinvestigaciones _zCali (Colombia) _914458 |
| 650 | 2 | 4 |
_aIndustria de la coca _zCali (Colombia) _914459 |
| 650 | 2 | 4 |
_aCrimen organizado _zCali (Colombia) _914460 |
| 700 | 1 |
_aDelgado, Adriana, _etraductora _914461 |
|
| 942 |
_2ddc _cBK |
||
| 999 |
_c7467 _d7467 |
||